Boas práticas de armazenamento, análise de perigos e pontos críticos de controle (Registro n. 327662)
[ somente texto ]
| 000 -LÍDER | |
|---|---|
| campo de controle de tamanho fixo | 01059naa a22002537a 4500 |
| 001 - NÚMERO DE CONTROLE | |
| campo de controle | BR2018000400 |
| 003 - IDENTIFICADOR DO NÚMERO DE CONTROLE | |
| campo de controle | BR-BrBNA |
| 005 - DATA E HORÁRIO DA ÚLTIMA TRANSAÇÃO | |
| campo de controle | 20240918181940.0 |
| 007 - CAMPO FIXO DE DESCRIÇÃO FÍSICA--INFORMAÇÃO GERAL | |
| campo de controle de tamanho fixo | ta |
| 008 - CAMPO DE DADOS FIXOS--INFORMAÇÃO GERAL | |
| campo de controle de tamanho fixo | 230509b bl.||||| |||| 00| 0 por d |
| 040 ## - FONTE DA CATALOGAÇÃO | |
| Instituição da catalogação original | BR-BrBNA |
| Idioma da catalogação | por |
| Instituição que transcreveu o registro | Biblioteca Nacional de Agricultura |
| 041 ## - CÓDIGO DE IDIOMA | |
| Código do idioma do texto/trilha sonora ou título diferente | (Pt) |
| 072 ## - CÓDIGO DE CATEGORIA DE ASSUNTO | |
| Código de Categoria de Assunto | J11 |
| 090 ## - NÚMERO DE CHAMADA LOCAL | |
| Número de chamada | J11 BR2018000400 |
| 100 1# - ENTRADA PRINCIPAL--NOME PESSOAL | |
| Nome pessoal | Rezende, A.C. de |
| 245 1# - TÍTULO | |
| Título | Boas práticas de armazenamento, análise de perigos e pontos críticos de controle |
| Restante do título | Capítulo 6.2 |
| 260 3# - PUBLICAÇÃO, DISTRIBUIÇÃO, ETC. | |
| Local de publicação, distribuição, etc. | Jundiaí, SP (Brasil): |
| Data da publicação, distribuição, etc. | 2018. |
| 500 ## - NOTA GERAL | |
| Nota geral | Lorini, I.(ed.); Miike, L.H. (ed.); Scussel, V.M. (ed.); Faroni, L.R.D.(ed.)<br/>Armazenagem de grãos<br/>Jundiaí, SP (Brasil): 2018. p. 957-968<br/>(BR2018000400-AM)J11<br/> |
| 650 ## - ASSUNTO--TERMO TÓPICO | |
| Cabeçalho tópico ou nome geográfico | PRODUTO ARMAZENADO |
| 650 ## - ASSUNTO--TERMO TÓPICO | |
| Cabeçalho tópico ou nome geográfico | GRÃO |
| 773 0# - ENTRADA ANALÍTICA | |
| Título | Armazenagem de grãos |
| Entrada principal | Lorini, I.(ed.); Miike, L.H. (ed.); Scussel, V.M. (ed.); Faroni, L.R.D.(ed.)- Instituto Bio Geneziz, Jundiaí, SP (Brasil) |
| Número de controle do registro | 9205 BR2018000372 |
| Partes relacionadas | Jundiaí, SP (Brasil), 2018. |
| Enumeração e primeira página | 1031 p. |
| 909 ## - | |
| -- | 202404 |
| -- | Lucia |
| -- | 55 |
| -- | Lucia Elande |
| 942 ## - ELEMENTOS DE ENTRADA ADICIONADOS (KOHA) | |
| Tipo de material Koha | Capítulo-Livro |
| Fonte da classificação ou esquema de arquivamento na estante | Classificação AGRIS |
| Situação do descarte | Fonte da classificação ou esquema de arquivamento na estante | Situação física | Não pode ser emprestado | Coleção | Biblioteca de origem | Biblioteca atual | Localização na estante | Total de empréstimos | Número de telefone completo | Data de último acesso | Número do exemplar | Tipo de material Koha | Situação das perdas | Data de aquisição | Fonte de aquisição |
|---|---|---|---|---|---|---|---|---|---|---|---|---|---|---|---|
| Classificação AGRIS | Biblioteca Nacional de Agricultura - Binagri | Biblioteca Nacional de Agricultura - Binagri | Agrobase - Acervo Geral | 9205 BR2018000372 | 20/05/2024 | 01 | Capítulo-Livro | 2024-04-11 | Portaria Interministerial nº 164/94 |

BINAGRI